000 00536nam a2200169Ia 4500
008 090711s9999 xx 000 0 und d
082 _b44117
100 _aभावे पुरुषोत्तम भा.
245 _aशेवटSो दिवस
260 _c1974
300 _a124
600 _aभावे पुरुषोत्तम भा.
630 _aशेवटSो दिवस
700 _aभावे पुरुषोत्तम भा.
730 _aशेवटSो दिवस
942 _cBOOK
999 _c299711
_d299711